<?xml version="1.0" encoding="UTF-8"?>
<record
    xmlns:xsi="http://www.w3.org/2001/XMLSchema-instance"
    xsi:schemaLocation="http://www.loc.gov/MARC21/slim http://www.loc.gov/standards/marcxml/schema/MARC21slim.xsd"
    xmlns="http://www.loc.gov/MARC21/slim">

  <leader>01573nam a2200205 a 4500</leader>
  <controlfield tag="008">161215t2006    ag  |||g |||| 001 j spa d</controlfield>
  <datafield tag="020" ind1=" " ind2=" ">
    <subfield code="a">9500727579</subfield>
  </datafield>
  <datafield tag="041" ind1=" " ind2=" ">
    <subfield code="a">spa</subfield>
  </datafield>
  <datafield tag="092" ind1=" " ind2=" ">
    <subfield code="c">863</subfield>
    <subfield code="l">30</subfield>
    <subfield code="s">GRI</subfield>
  </datafield>
  <datafield tag="100" ind1="1" ind2=" ">
    <subfield code="a">Grinstein, Marisa</subfield>
    <subfield code="9">3223</subfield>
  </datafield>
  <datafield tag="245" ind1=" " ind2=" ">
    <subfield code="a">Mujeres asesinas 2.</subfield>
    <subfield code="b">Los nuevos casos /</subfield>
    <subfield code="c">Marisa Grinstein</subfield>
  </datafield>
  <datafield tag="250" ind1=" " ind2=" ">
    <subfield code="a">1a ed.</subfield>
  </datafield>
  <datafield tag="260" ind1=" " ind2=" ">
    <subfield code="a">Buenos Aires:</subfield>
    <subfield code="b">Sudamericana;</subfield>
    <subfield code="c">2006.</subfield>
  </datafield>
  <datafield tag="300" ind1=" " ind2=" ">
    <subfield code="a">256 p.</subfield>
    <subfield code="c">22x14 cm.</subfield>
  </datafield>
  <datafield tag="500" ind1=" " ind2=" ">
    <subfield code="a">Grinstein, M. (2007). Mujeres asesinas 2. Los nuevos casos. (3a ed.). Buenos Aires : Sudamericana.</subfield>
  </datafield>
  <datafield tag="505" ind1=" " ind2=" ">
    <subfield code="a">Tras la amplia repercusi&#xF3;n del primer volumen y la primera temporada de la serie televisiva, Mujeres asesinas 2 retoma la idea original con nuevos y alucinantes casos. Sin juicios f&#xE1;ciles, sin las estridencias de la cr&#xF3;nica roja, estas catorce historias nos cautivan y nos inquietan al mismo tiempo; se trata, al fin y al cabo, de mujeres llevadas al l&#xED;mite de tener que suprimir una vida para seguir viviendo. "Es raro, pero yo no podr&#xED;a vivir si ella tambi&#xE9;n estaba viva", dice una de ellas, asesina de su madre. En esas palabras simples, inapelables, yace la respuesta a un interrogante: por qu&#xE9; vieron en la eliminaci&#xF3;n del otro la &#xFA;nica salida. La prosa de Marisa Grinstein -magistral en la construcci&#xF3;n de un suspenso que no cesa hasta el final- realimenta as&#xED; la perturbadora fascinaci&#xF3;n que ejerce la figura de la mujer criminal y procura descifrar un enigma femenino y, en definitiva, humano.</subfield>
  </datafield>
  <datafield tag="590" ind1=" " ind2=" ">
    <subfield code="a">Proyecto 4to libro. Donaci&#xF3;n Constanzo Juan Carlos</subfield>
  </datafield>
  <datafield tag="655" ind1=" " ind2=" ">
    <subfield code="a">Relatos</subfield>
    <subfield code="9">3105</subfield>
  </datafield>
  <datafield tag="942" ind1=" " ind2=" ">
    <subfield code="2">ddc</subfield>
    <subfield code="c">LIT</subfield>
  </datafield>
  <datafield tag="999" ind1=" " ind2=" ">
    <subfield code="c">2400</subfield>
    <subfield code="d">2400</subfield>
  </datafield>
  <datafield tag="952" ind1=" " ind2=" ">
    <subfield code="0">0</subfield>
    <subfield code="1">0</subfield>
    <subfield code="2">ddc</subfield>
    <subfield code="4">0</subfield>
    <subfield code="7">0</subfield>
    <subfield code="8">FIC</subfield>
    <subfield code="a">BFM</subfield>
    <subfield code="b">BFM</subfield>
    <subfield code="c">CR</subfield>
    <subfield code="d">2017-03-07</subfield>
    <subfield code="e">Donacion Constanzo, Juan Carlos. Marzo 2017</subfield>
    <subfield code="l">5</subfield>
    <subfield code="m">1</subfield>
    <subfield code="o">863 30 GRI</subfield>
    <subfield code="p">3846</subfield>
    <subfield code="r">2019-06-24</subfield>
    <subfield code="s">2019-06-18</subfield>
    <subfield code="t">Ej.1</subfield>
    <subfield code="w">2017-03-07</subfield>
    <subfield code="y">LIT</subfield>
    <subfield code="z">Proyecto 4to libro. Donaci&#xF3;n Constanzo Juan C.</subfield>
  </datafield>
  <datafield tag="952" ind1=" " ind2=" ">
    <subfield code="0">0</subfield>
    <subfield code="1">0</subfield>
    <subfield code="2">ddc</subfield>
    <subfield code="4">0</subfield>
    <subfield code="7">0</subfield>
    <subfield code="a">BFM</subfield>
    <subfield code="b">BFM</subfield>
    <subfield code="c">CR</subfield>
    <subfield code="d">2020-02-11</subfield>
    <subfield code="e">Donaci&#xF3;n Constanzo Juan Carlos, Febrero 2020</subfield>
    <subfield code="l">0</subfield>
    <subfield code="o">863 30 GRI</subfield>
    <subfield code="p">4613</subfield>
    <subfield code="r">2020-02-11</subfield>
    <subfield code="t">Ej. 2</subfield>
    <subfield code="w">2020-02-11</subfield>
    <subfield code="y">LIT</subfield>
    <subfield code="z">Donaci&#xF3;n Constanzo Juan Carlos, Febrero 2020</subfield>
  </datafield>
</record>
